[Event "FBL 1"]
[Site "?"]
[Date "2016.10.23"]
[Round "2.2"]
[White "Kochetkova, Julia"]
[Black "Krasnodebska, Magdalena"]
[Result "1-0"]
[WhiteElo "2322"]
[BlackElo "2093"]
[PlyCount "73"]
[EventDate "2016.10.22"]
[EventType "team-tourn"]
[EventCountry "GER"]
[WhiteTeam "Rodewischer Schachmiezen"]
[BlackTeam "Lehrte SK"]
[WhiteTeamCountry "GER"]
[BlackTeamCountry "GER"]

1. e4 c5 2. Nf3 e6 3. d4 cxd4 4. Nxd4 Nf6 5. Nc3 Nc6 6. g3 Bc5 7. Nb3 Bb6 8.
Bg2 O-O 9. O-O a6 10. Kh1 h6 11. f4 d5 12. e5 Nd7 13. Ne2 Nc5 14. Nbd4 Nxd4 15.
Nxd4 f6 16. exf6 Qxf6 17. Be3 Ne4 18. c3 e5 19. fxe5 Qxe5 20. Qb3 Rxf1+ 21.
Rxf1 Bxd4 22. Bxd4 Qe6 23. Qb4 Bd7 24. Qxb7 Qc6 25. Qb3 Qb5 26. Qc2 Rb8 27. c4
Qc6 28. Qe2 Re8 29. Qh5 Be6 30. c5 Re7 31. b4 Qb5 32. a3 Qd3 33. Qe5 Qxa3 34.
Qb8+ Kh7 35. Qf8 Rb7 36. c6 Rc7 37. Be5 1-0

[Event "FBL 1"]
[Site "?"]
[Date "2016.10.23"]
[Round "2.3"]
[White "Schulze, Lara"]
[Black "Theissl Pokorna, Regina"]
[Result "0-1"]
[WhiteElo "2019"]
[BlackElo "2331"]
[PlyCount "66"]
[EventDate "2016.10.22"]
[EventType "team-tourn"]
[EventCountry "GER"]
[WhiteTeam "Lehrte SK"]
[BlackTeam "Rodewischer Schachmiezen"]
[WhiteTeamCountry "GER"]
[BlackTeamCountry "GER"]

1. e4 e5 2. Nf3 Nc6 3. Nc3 Bb4 4. Nd5 Bc5 5. c3 d6 6. b4 Bb6 7. a4 a5 8. Nxb6
cxb6 9. b5 Nce7 10. Bc4 Nf6 11. d3 Be6 12. Bxe6 fxe6 13. Qb3 Qd7 14. Be3 Ng6
15. g3 O-O 16. Nd2 d5 17. Bxb6 Qd6 18. Be3 Ng4 19. exd5 exd5 20. O-O Kh8 21. c4
Nf4 22. Qd1 Nxe3 23. fxe3 Nxd3 24. Qb3 Nc5 25. Qc3 d4 26. exd4 exd4 27. Rxf8+
Rxf8 28. Qxa5 Qe7 29. Rf1 Rd8 30. Qb4 h6 31. Kg2 Qe2+ 32. Rf2 Qxf2+ 33. Kxf2
Nd3+ 0-1

[Event "FBL 1"]
[Site "?"]
[Date "2016.10.23"]
[Round "2.4"]
[White "Lubbe, Melanie"]
[Black "Zschischang, Marine"]
[Result "1-0"]
[WhiteElo "2353"]
[BlackElo "2054"]
[PlyCount "97"]
[EventDate "2016.10.22"]
[EventType "team-tourn"]
[EventCountry "GER"]
[WhiteTeam "Rodewischer Schachmiezen"]
[BlackTeam "Lehrte SK"]
[WhiteTeamCountry "GER"]
[BlackTeamCountry "GER"]

1. e4 e6 2. d4 d5 3. Nc3 dxe4 4. Nxe4 Nd7 5. Nf3 Ngf6 6. Bd3 Be7 7. Nxf6+ Nxf6
8. Qe2 c5 9. dxc5 Bxc5 10. Bg5 Bd7 11. O-O-O Qb6 12. Ne5 Bc6 13. Rhe1 Qc7 14.
Nxc6 bxc6 15. Qf3 Qb6 16. c3 Rb8 17. Re2 Nd5 18. Be4 Be7 19. h4 h6 20. Bxd5
Bxg5+ 21. hxg5 cxd5 22. Qxd5 Rd8 23. Qxd8+ Qxd8 24. Rxd8+ Kxd8 25. g6 Ke7 26.
gxf7 Kxf7 27. c4 h5 28. c5 h4 29. b4 Ke7 30. b5 Rc8 31. Rc2 Kd7 32. a4 a5 33.
Kd2 Rf8 34. Ke3 g5 35. f3 Kc7 36. c6 Rg8 37. Rc4 Rg7 38. Rd4 e5 39. Rd5 g4 40.
fxg4 Rxg4 41. Rd7+ Kb6 42. Rb7+ Kc5 43. c7 Rxg2 44. c8=Q+ Kb4 45. Rc7 Rg3+ 46.
Kf2 e4 47. Rc4+ Kb3 48. Rxe4 Rc3 49. Qe6+ 1-0

[Event "FBL 1"]
[Site "?"]
[Date "2016.10.23"]
[Round "2.5"]
[White "Schulze, Dorothee"]
[Black "Korenova, Martina"]
[Result "0-1"]
[WhiteElo "2000"]
[BlackElo "2144"]
[PlyCount "66"]
[EventDate "2016.10.22"]
[EventType "team-tourn"]
[EventCountry "GER"]
[WhiteTeam "Lehrte SK"]
[BlackTeam "Rodewischer Schachmiezen"]
[WhiteTeamCountry "GER"]
[BlackTeamCountry "GER"]

1. e4 g6 2. d4 Bg7 3. Nf3 c6 4. c4 d6 5. Bf4 Nf6 6. Nc3 a6 7. Bd3 O-O 8. O-O
Nh5 9. Be3 e5 10. Qd2 Bg4 11. Be2 Qe7 12. Rad1 b5 13. b3 f5 14. dxe5 dxe5 15.
h3 f4 16. Bb6 Bxf3 17. Bxf3 Nf6 18. Qd6 Qf7 19. Be2 Nbd7 20. cxb5 cxb5 21. Ba5
Rfe8 22. g4 Bf8 23. Qd2 Nc5 24. f3 Ne6 25. Kg2 Nd4 26. Bd3 Rac8 27. Rc1 Bc5 28.
Qb2 Qe7 29. Nb1 h5 30. a4 Nh7 31. Nc3 Qh4 32. Ne2 Ng5 33. Rh1 Nxe2 0-1

[Event "FBL 1"]
[Site "?"]
[Date "2016.10.23"]
[Round "2.6"]
[White "Steinbacher, Claudia"]
[Black "Markgraf, Claudia"]
[Result "0-1"]
[WhiteElo "2068"]
[BlackElo "1954"]
[PlyCount "58"]
[EventDate "2016.10.22"]
[EventType "team-tourn"]
[EventCountry "GER"]
[WhiteTeam "Rodewischer Schachmiezen"]
[BlackTeam "Lehrte SK"]
[WhiteTeamCountry "GER"]
[BlackTeamCountry "GER"]

1. d4 Nf6 2. c4 c5 3. Nc3 cxd4 4. Qxd4 Nc6 5. Qd2 g6 6. e4 Bg7 7. Nf3 d6 8. h3
O-O 9. Bd3 Nd7 10. O-O Nc5 11. Bb1 Qa5 12. Nd5 Qxd2 13. Nxd2 e6 14. Nf4 Ne5 15.
Bc2 Bh8 16. Rb1 Bd7 17. b4 Na4 18. Rb3 Rfc8 19. Bd3 Nb6 20. f3 Nexc4 21. Nxc4
Nxc4 22. Bxc4 Rxc4 23. Be3 a6 24. a3 Rac8 25. Rd3 Bb5 26. Rfd1 Be5 27. h4 Rc3
28. Rxc3 Rxc3 29. Kf2 Rxa3 0-1

[Event "FBL 1"]
[Site "?"]
[Date "2017.01.21"]
[Round "3.1"]
[White "Richterova, Natasa"]
[Black "Hapala, Lisa"]
[Result "1-0"]
[WhiteElo "2210"]
[BlackElo "2095"]
[PlyCount "139"]
[EventDate "2016.10.22"]
[EventType "team-tourn"]
[EventCountry "GER"]
[WhiteTeam "Erfurt SV Medizin"]
[BlackTeam "Augsburg SG"]
[WhiteTeamCountry "GER"]
[BlackTeamCountry "GER"]

1. e4 c5 2. Nf3 e6 3. b3 a6 4. Bb2 Nc6 5. g3 d5 6. exd5 exd5 7. d4 Nf6 8. Qe2+
Be7 9. Bg2 O-O 10. O-O Bg4 11. dxc5 Bxc5 12. Qd3 Ne4 13. Nc3 Nb4 14. Qd1 Qb6
15. Qe2 Rac8 16. Nxe4 Rfe8 17. Nf6+ Qxf6 18. Qxe8+ Rxe8 19. Bxf6 gxf6 20. c3
Nc6 21. Rfe1 Rd8 22. h3 Be6 23. Rad1 Kf8 24. b4 Bb6 25. a3 a5 26. Bf1 axb4 27.
axb4 Ke7 28. Kg2 Kf8 29. Bd3 h6 30. Bb5 Ke7 31. Ba4 Kf8 32. Bb3 Rd7 33. Nh4 Rd8
34. f4 d4 35. Bxe6 fxe6 36. b5 Na5 37. Rxe6 dxc3 38. Rxd8+ Bxd8 39. Re3 Nc4 40.
Rxc3 Nd6 41. Rd3 Ke7 42. Ng6+ Kd7 43. Rd5 Ke6 44. Rh5 Bb6 45. Rxh6 Nxb5 46. Rh7
Nd6 47. Nf8+ Kd5 48. h4 Bd4 49. h5 b5 50. Rc7 b4 51. Rc1 f5 52. h6 b3 53. Nd7
b2 54. Re1 Nf7 55. h7 Bc3 56. Rd1+ Ke6 57. Nc5+ Ke7 58. Na4 Bf6 59. Rb1 Kf8 60.
Nxb2 Kg7 61. Nc4 Kxh7 62. Rb7 Kg6 63. Rb6 Kg7 64. Nd6 Nxd6 65. Rxd6 Kg6 66. Kf3
Kh5 67. Rd5 Kg6 68. g4 fxg4+ 69. Kxg4 Kg7 70. Kf5 1-0

[Event "FBL 1"]
[Site "?"]
[Date "2017.01.21"]
[Round "3.2"]
[White "Jussupow, Nadia"]
[Black "Juhasz, Barbara"]
[Result "1/2-1/2"]
[WhiteElo "2163"]
[BlackElo "2179"]
[PlyCount "78"]
[EventDate "2016.10.22"]
[EventType "team-tourn"]
[EventCountry "GER"]
[WhiteTeam "Augsburg SG"]
[BlackTeam "Erfurt SV Medizin"]
[WhiteTeamCountry "GER"]
[BlackTeamCountry "GER"]

1. d4 g6 2. c4 Bg7 3. Nc3 c5 4. Nf3 Nf6 5. e4 cxd4 6. Nxd4 d6 7. Be2 O-O 8. O-O
Nc6 9. Nc2 Nd7 10. Be3 Nc5 11. f3 Qa5 12. Qd2 Be6 13. Rab1 Bxc3 14. bxc3 Ne5
15. Rb4 Qa6 16. Bh6 Rfc8 17. Ne3 f6 18. Nd5 Bxd5 19. cxd5 Qa3 20. Be3 a5 21.
Rb2 Rab8 22. Bb5 Rd8 23. Rfb1 a4 24. Rb4 Rbc8 25. Bd4 Ned7 26. Qc2 Nb6 27. Bf1
Nbd7 28. Be3 Na6 29. Rxa4 Qxc3 30. Qxc3 Rxc3 31. Bd4 Nac5 32. Bxc3 Nxa4 33. Bd4
Nac5 34. Bb5 Nb6 35. Kf2 Rc8 36. Ke3 Kf8 37. Be2 Nbd7 38. f4 Ra8 39. Bc4 Ra3+
1/2-1/2

[Event "FBL 1"]
[Site "?"]
[Date "2017.01.21"]
[Round "3.3"]
[White "Troyke, Doreen"]
[Black "Horvath, Maria"]
[Result "0-1"]
[WhiteElo "2105"]
[BlackElo "1978"]
[PlyCount "50"]
[EventDate "2016.10.22"]
[EventType "team-tourn"]
[EventCountry "GER"]
[WhiteTeam "Erfurt SV Medizin"]
[BlackTeam "Augsburg SG"]
[WhiteTeamCountry "GER"]
[BlackTeamCountry "GER"]

1. c4 e5 2. g3 Nc6 3. Bg2 Nf6 4. Nc3 Bb4 5. e3 Bxc3 6. bxc3 O-O 7. Ne2 d6 8.
O-O Rb8 9. d4 Qe7 10. Ba3 Na5 11. Qa4 b6 12. c5 Bd7 13. cxd6 Qe6 14. Qb4 c6 15.
dxe5 c5 16. Qf4 Ng4 17. Rfd1 Nxe5 18. Bd5 Qf5 19. Bc1 Rfe8 20. Bg2 Qh5 21. f3
Ng6 22. g4 Nxf4 23. gxh5 Nxe2+ 24. Kf2 Nxc3 25. Rd3 Na4 0-1

[Event "FBL 1"]
[Site "?"]
[Date "2017.01.21"]
[Round "3.4"]
[White "Amelang, Astrid"]
[Black "Mueller Ludwig, Kristin"]
[Result "1/2-1/2"]
[WhiteElo "2112"]
[BlackElo "2083"]
[PlyCount "84"]
[EventDate "2016.10.22"]
[EventType "team-tourn"]
[EventCountry "GER"]
[WhiteTeam "Augsburg SG"]
[BlackTeam "Erfurt SV Medizin"]
[WhiteTeamCountry "GER"]
[BlackTeamCountry "GER"]

1. f4 d5 2. Nf3 Nf6 3. g3 c6 4. Bg2 Qc7 5. b3 Nbd7 6. Bb2 e6 7. O-O Bd6 8. d4
O-O 9. Qd3 b6 10. Ne5 Bb7 11. c4 c5 12. e3 cxd4 13. exd4 Rad8 14. Nd2 dxc4 15.
Ndxc4 Bxg2 16. Kxg2 Qb7+ 17. Qf3 Qxf3+ 18. Nxf3 Be7 19. Rfe1 Nd5 20. a3 Rc8 21.
Rac1 Rc7 22. Nce5 Nxe5 23. Nxe5 Rfc8 24. Rxc7 Rxc7 25. Rc1 Bd6 26. Rxc7 Bxc7
27. Kf3 f6 28. Ng4 Kf7 29. Ne3 Nxe3 30. Kxe3 Ke7 31. Kd3 b5 32. a4 a6 33. axb5
axb5 34. Ba3+ Kd7 35. Bc5 Kc6 36. Kc3 Ba5+ 37. b4 Bc7 38. Kd3 Kd5 39. Ke3 h5
40. Kf3 g6 41. h3 f5 42. h4 Bd8 1/2-1/2

[Event "FBL 1"]
[Site "?"]
[Date "2017.01.21"]
[Round "3.5"]
[White "Umpfenbach, Carolin"]
[Black "Specht, Maria"]
[Result "1-0"]
[WhiteElo "2122"]
[BlackElo "1875"]
[PlyCount "95"]
[EventDate "2016.10.22"]
[EventType "team-tourn"]
[EventCountry "GER"]
[WhiteTeam "Erfurt SV Medizin"]
[BlackTeam "Augsburg SG"]
[WhiteTeamCountry "GER"]
[BlackTeamCountry "GER"]

1. d4 d5 2. c4 e6 3. Nc3 b6 4. Nf3 Bb7 5. e3 Bd6 6. a3 Ne7 7. Bd2 O-O 8. Rc1 c5
9. cxd5 exd5 10. Nb5 Ba6 11. Nxd6 Qxd6 12. Bxa6 Nxa6 13. O-O c4 14. Re1 f5 15.
Ne5 b5 16. Qc2 Rf6 17. Rcd1 Rc8 18. Bc3 Rcf8 19. f3 Nc6 20. Re2 Nab8 21. Be1 a5
22. Bg3 Qe6 23. a4 b4 24. Nxc4 dxc4 25. d5 Qe8 26. dxc6 Qxc6 27. Rd4 c3 28.
bxc3 Qxc3 29. Qxc3 bxc3 30. Rc4 Rc6 31. Rxc6 Nxc6 32. Rc2 Re8 33. Rxc3 Re6 34.
Bc7 Kf7 35. Kf2 Ke7 36. Rc5 g6 37. Bxa5 Kd6 38. Rb5 h5 39. Bc3 Re8 40. h4 Ra8
41. a5 Ra6 42. Kg3 Ra8 43. Kf4 Re8 44. e4 fxe4 45. fxe4 Rf8+ 46. Ke3 Rf7 47.
Rg5 Ke7 48. Rxg6 1-0

[Event "FBL 1"]
[Site "?"]
[Date "2017.01.21"]
[Round "3.6"]
[White "Muench, Ursula"]
[Black "von der  Weth von Nordheim, Petra"]
[Result "1/2-1/2"]
[WhiteElo "1792"]
[BlackElo "1985"]
[PlyCount "65"]
[EventDate "2016.10.22"]
[EventType "team-tourn"]
[EventCountry "GER"]
[WhiteTeam "Augsburg SG"]
[BlackTeam "Erfurt SV Medizin"]
[WhiteTeamCountry "GER"]
[BlackTeamCountry "GER"]

1. Nf3 d5 2. g3 c5 3. Bg2 Nc6 4. O-O Nf6 5. d3 g6 6. Nbd2 Bg7 7. c3 O-O 8. Qc2
e5 9. e4 dxe4 10. dxe4 Qe7 11. Nc4 h6 12. Ne3 Be6 13. b3 Rfd8 14. Ba3 b5 15.
Rad1 a5 16. Bb2 a4 17. Rxd8+ Rxd8 18. Nd2 axb3 19. axb3 Qd7 20. Rd1 Qd3 21. Qc1
Qd7 22. Ndc4 Qc7 23. Nd5 Nxd5 24. exd5 bxc4 25. dxe6 fxe6 26. Rxd8+ Nxd8 27.
bxc4 Nf7 28. Be4 Nd6 29. Bxg6 Nxc4 30. Ba3 Nxa3 31. Qxa3 Bf8 32. Qa6 Qd7 33.
Qe2 1/2-1/2

[Event "FBL 1"]
[Site "?"]
[Date "2017.01.21"]
[Round "3.2"]
[White "Batsiashvili, Nino"]
[Black "Muzychuk, Anna"]
[Result "1/2-1/2"]
[WhiteElo "2492"]
[BlackElo "2558"]
[PlyCount "42"]
[EventDate "2016.10.22"]
[EventType "team-tourn"]
[EventCountry "GER"]
[WhiteTeam "Schwaebisch Hall SK"]
[BlackTeam "Baden Baden OSG"]
[WhiteTeamCountry "GER"]
[BlackTeamCountry "GER"]

1. d4 f5 2. c4 Nf6 3. Nc3 d6 4. Bg5 Nbd7 5. Qc2 g6 6. e3 c6 7. h4 h6 8. Bf4 e5
9. Bh2 Qe7 10. Be2 exd4 11. exd4 Ng4 12. h5 Nxh2 13. Rxh2 g5 14. Qxf5 Bg7 15.
Qg6+ Kd8 16. O-O-O Rf8 17. Nh3 Nf6 18. Qc2 Ng4 19. Bxg4 Bxg4 20. f3 Bxh5 21. g4
Be8 1/2-1/2

[Event "FBL 1"]
[Site "?"]
[Date "2017.01.21"]
[Round "3.3"]
[White "Muzychuk, Mariya"]
[Black "Kashlinskaya, Alina"]
[Result "1-0"]
[WhiteElo "2546"]
[BlackElo "2418"]
[PlyCount "79"]
[EventDate "2016.10.22"]
[EventType "team-tourn"]
[EventCountry "GER"]
[WhiteTeam "Baden Baden OSG"]
[BlackTeam "Schwaebisch Hall SK"]
[WhiteTeamCountry "GER"]
[BlackTeamCountry "GER"]

1. c4 e6 2. Nc3 d5 3. d4 Be7 4. cxd5 exd5 5. Bf4 c6 6. e3 Bf5 7. g4 Be6 8. h3
Nd7 9. Nf3 Ngf6 10. Bd3 O-O 11. Ng5 c5 12. Nxe6 fxe6 13. g5 Ne4 14. Bxe4 dxe4
15. d5 c4 16. Nxe4 Qa5+ 17. Nc3 Nc5 18. O-O Nd3 19. Qg4 Rf5 20. h4 Raf8 21. d6
Bd8 22. Bg3 Kh8 23. Qxc4 Nxb2 24. Qb3 Nd3 25. Ne4 Ne5 26. Rac1 Nf3+ 27. Kg2 Re5
28. Qxb7 Rb5 29. Qa8 Kg8 30. Rc8 Rd5 31. Rfc1 Ne5 32. Nc5 Ng4 33. Nb3 Qb6 34.
Nd4 Rxd6 35. Qe4 e5 36. Qxg4 exd4 37. Bxd6 Qxd6 38. Qxd4 Qe7 39. Qd5+ Kh8 40.
R1c4 1-0

[Event "FBL 1"]
[Site "?"]
[Date "2017.01.21"]
[Round "3.4"]
[White "Atalik, Ekaterina"]
[Black "Zatonskih, Anna"]
[Result "1/2-1/2"]
[WhiteElo "2435"]
[BlackElo "2443"]
[PlyCount "34"]
[EventDate "2016.10.22"]
[EventType "team-tourn"]
[EventCountry "GER"]
[WhiteTeam "Schwaebisch Hall SK"]
[BlackTeam "Baden Baden OSG"]
[WhiteTeamCountry "GER"]
[BlackTeamCountry "GER"]

1. d4 Nf6 2. c4 e6 3. Nc3 Bb4 4. e3 O-O 5. Bd3 d5 6. Nf3 b6 7. O-O Bb7 8. Bd2
Be7 9. Qe2 Ne4 10. Rfd1 Nd7 11. Be1 a6 12. Ne5 Bd6 13. Rac1 f5 14. f3 Nxc3 15.
Bxc3 Qe7 16. b3 a5 17. Bb2 g6 1/2-1/2

[Event "FBL 1"]
[Site "?"]
[Date "2017.01.21"]
[Round "3.5"]
[White "Kachiani Gersinska, Ketino"]
[Black "Daulyte, Deimante"]
[Result "0-1"]
[WhiteElo "2366"]
[BlackElo "2447"]
[PlyCount "74"]
[EventDate "2016.10.22"]
[EventType "team-tourn"]
[EventCountry "GER"]
[WhiteTeam "Baden Baden OSG"]
[BlackTeam "Schwaebisch Hall SK"]
[WhiteTeamCountry "GER"]
[BlackTeamCountry "GER"]

1. Nf3 Nf6 2. g3 g6 3. Bg2 Bg7 4. c4 O-O 5. Nc3 d6 6. Rb1 e5 7. d3 Nc6 8. Bg5
h6 9. Bxf6 Bxf6 10. b4 Be6 11. Nd2 Qd7 12. b5 Nd8 13. a4 Bg7 14. a5 Bh3 15. O-O
Bxg2 16. Kxg2 e4 17. Nd5 exd3 18. exd3 Ne6 19. a6 bxa6 20. bxa6 Qc6 21. f4 f5
22. Re1 Rfe8 23. Qf3 Nd4 24. Qf2 Qxa6 25. Nf3 Nxf3 26. Qxf3 Qa5 27. Ne7+ Kh7
28. Re2 Qc5 29. Rbe1 a5 30. Re6 Rab8 31. Rxg6 Rxe7 32. Rxe7 Kxg6 33. Qe2 Qd4
34. Qe6+ Qf6 35. Qd7 Kh7 36. Rf7 Qg6 37. Rxf5 Qg4 0-1

[Event "FBL 1"]
[Site "?"]
[Date "2017.01.21"]
[Round "3.6"]
[White "Bulmaga, Irina"]
[Black "Kovalevskaya, Ekaterina"]
[Result "1/2-1/2"]
[WhiteElo "2406"]
[BlackElo "2423"]
[PlyCount "72"]
[EventDate "2016.10.22"]
[EventType "team-tourn"]
[EventCountry "GER"]
[WhiteTeam "Schwaebisch Hall SK"]
[BlackTeam "Baden Baden OSG"]
[WhiteTeamCountry "GER"]
[BlackTeamCountry "GER"]

1. e4 c5 2. Nf3 Nc6 3. d4 cxd4 4. Nxd4 e5 5. Nb5 d6 6. c4 Be7 7. N1c3 a6 8. Na3
Be6 9. Bd3 Bg5 10. O-O Bxc1 11. Rxc1 Nge7 12. Nc2 O-O 13. Qd2 Ng6 14. Rfd1 Nf4
15. Bf1 Qg5 16. Nd5 Bg4 17. h4 Qxh4 18. f3 Be6 19. Nxf4 exf4 20. Qxd6 Rad8 21.
Qc7 Qg5 22. b4 a5 23. a3 axb4 24. axb4 Ne5 25. Ne1 Rc8 26. Qxb7 Rb8 27. Qa6
Rxb4 28. Qa3 Rbb8 29. Rd6 h6 30. Qa6 Rb2 31. c5 Qg3 32. Rxe6 Qf2+ 33. Kh2 Qh4+
34. Kg1 Qf2+ 35. Kh2 Qg3+ 36. Kg1 Qf2+ 1/2-1/2

[Event "FBL 1"]
[Site "?"]
[Date "2017.01.21"]
[Round "3.1"]
[White "Heinatz, Gundula"]
[Black "Naiditsch, Yuliya"]
[Result "0-1"]
[WhiteElo "2185"]
[BlackElo "2415"]
[PlyCount "66"]
[EventDate "2016.10.22"]
[EventType "team-tourn"]
[EventCountry "GER"]
[WhiteTeam "Karlsruher SF"]
[BlackTeam "Deizisau SF"]
[WhiteTeamCountry "GER"]
[BlackTeamCountry "GER"]

1. d4 Nf6 2. Nf3 e6 3. Bg5 c5 4. e3 Qb6 5. Bxf6 gxf6 6. Nbd2 d5 7. Be2 Nc6 8.
O-O cxd4 9. exd4 Qxb2 10. c4 Bg7 11. cxd5 exd5 12. Nb3 O-O 13. Nh4 f5 14. Rb1
Qc3 15. Nf3 a5 16. a4 Be6 17. Bb5 f4 18. Bxc6 bxc6 19. Rc1 Qb4 20. Nc5 Bg4 21.
h3 Bxf3 22. Qxf3 Qxd4 23. Rfd1 Qb4 24. Nd3 Qxa4 25. Nxf4 Rfc8 26. Qg3 Qe4 27.
Re1 Qf5 28. h4 a4 29. h5 h6 30. Rc3 a3 31. Rf3 Qg5 32. Qh3 a2 33. Ra1 Rcb8 0-1

[Event "FBL 1"]
[Site "?"]
[Date "2017.01.21"]
[Round "3.2"]
[White "Schleining, Zoya"]
[Black "Schmidt, Jessica"]
[Result "1/2-1/2"]
[WhiteElo "2349"]
[BlackElo "2262"]
[PlyCount "137"]
[EventDate "2016.10.22"]
[EventType "team-tourn"]
[EventCountry "GER"]
[WhiteTeam "Deizisau SF"]
[BlackTeam "Karlsruher SF"]
[WhiteTeamCountry "GER"]
[BlackTeamCountry "GER"]

1. d4 d5 2. c4 c6 3. Nf3 Nf6 4. e3 g6 5. Nc3 a6 6. Bd3 Bg7 7. O-O O-O 8. c5 b6
9. cxb6 Nfd7 10. Na4 Nxb6 11. Bd2 N6d7 12. Rc1 e5 13. dxe5 Nxe5 14. Nxe5 Bxe5
15. Bc3 Bxc3 16. Rxc3 Re8 17. Qb3 Be6 18. Qb4 a5 19. Qd4 Qe7 20. Rfc1 Qb4 21.
h3 Nd7 22. b3 Qa3 23. R1c2 Rec8 24. e4 Qd6 25. Nc5 Nxc5 26. Rxc5 Qd7 27. Rc1
Qb7 28. Qc3 a4 29. bxa4 d4 30. Qxd4 Rd8 31. Qc3 Rxa4 32. Bc4 Bxc4 33. Rxc4 Rxa2
34. Rxc6 Ra6 35. Qf6 Rxc6 36. Qxd8+ Kg7 37. Qd4+ Kg8 38. Rd1 Rc8 39. e5 Re8 40.
Re1 Qc7 41. Qe4 Kg7 42. f4 Qb6+ 43. Kh2 Qe6 44. Re3 Rc8 45. Rf3 Rc4 46. Qd3 Ra4
47. Qb5 Re4 48. Qb2 Qf5 49. e6+ Qf6 50. Qxf6+ Kxf6 51. exf7 Kxf7 52. g4 Kf6 53.
Kg3 h5 54. g5+ Kf5 55. h4 Ra4 56. Rb3 Ra5 57. Kf3 Rc5 58. Ra3 Rb5 59. Ke3 Rb6
60. Kf3 Rb5 61. Rc3 Ra5 62. Rd3 Rb5 63. Ke3 Rb6 64. Kf3 Rb5 65. Re3 Rc5 66. Kg3
Ra5 67. Rf3 Rb5 68. Ra3 Rc5 69. Kf3 1/2-1/2

[Event "FBL 1"]
[Site "?"]
[Date "2017.01.21"]
[Round "3.3"]
[White "Mader, Manuela"]
[Black "Levushkina, Elena"]
[Result "0-1"]
[WhiteElo "2172"]
[BlackElo "2321"]
[PlyCount "134"]
[EventDate "2016.10.22"]
[EventType "team-tourn"]
[EventCountry "GER"]
[WhiteTeam "Karlsruher SF"]
[BlackTeam "Deizisau SF"]
[WhiteTeamCountry "GER"]
[BlackTeamCountry "GER"]

1. e4 e5 2. Nf3 Nc6 3. Bb5 Nge7 4. O-O g6 5. d4 exd4 6. Nxd4 Bg7 7. c3 O-O 8.
Be3 a6 9. Ba4 d6 10. h3 Bd7 11. Bc2 d5 12. Nb3 Be6 13. Nc5 Bc8 14. Qe2 b6 15.
Nb3 Qe8 16. Bf4 Ra7 17. Re1 Be6 18. Na3 Qc8 19. Rad1 Ra8 20. Qf3 Rd8 21. Bg5
Rd7 22. Qg3 h6 23. Bf4 Qd8 24. Qe3 Kh7 25. h4 dxe4 26. h5 f5 27. hxg6+ Nxg6 28.
f3 Nxf4 29. Qxf4 Be5 30. Qe3 Qh4 31. fxe4 Qh2+ 32. Kf2 Rg7 33. Qh3 Bg3+ 34. Ke2
Qxh3 35. gxh3 Bxe1 36. exf5 Kg8 37. fxe6 Bh4 38. Nd4 Nxd4+ 39. Rxd4 Bf6 40. Rf4
Be7 41. Be4 Rf8 42. Rxf8+ Kxf8 43. Nc4 Rg5 44. Bb7 b5 45. Ne3 Re5 46. Kf3 Rxe6
47. Bc8 Rd6 48. Nf5 Rb6 49. Ke4 a5 50. Bd7 Bf6 51. Ne3 b4 52. Nc4 bxc3 53. bxc3
Ra6 54. Kd3 Ke7 55. Bb5 Ra8 56. Bc6 Rg8 57. Nxa5 Rg3+ 58. Ke4 Bxc3 59. Nc4 Rxh3
60. Ne3 Kd6 61. Be8 Kc5 62. Bd7 Rh2 63. Ng4 Rh4 64. Kf5 Bd2 65. a4 Rh5+ 66. Ke4
Rd5 67. Be8 Rd8 0-1

[Event "FBL 1"]
[Site "?"]
[Date "2017.01.21"]
[Round "3.4"]
[White "Klek, Hanna Marie"]
[Black "Wiesner, Paula"]
[Result "1-0"]
[WhiteElo "2335"]
[BlackElo "2034"]
[PlyCount "83"]
[EventDate "2016.10.22"]
[EventType "team-tourn"]
[EventCountry "GER"]
[WhiteTeam "Deizisau SF"]
[BlackTeam "Karlsruher SF"]
[WhiteTeamCountry "GER"]
[BlackTeamCountry "GER"]

1. e4 e6 2. d4 d5 3. Nd2 Nf6 4. e5 Nfd7 5. c3 c5 6. Bd3 Nc6 7. Ne2 cxd4 8. cxd4
f6 9. exf6 Nxf6 10. O-O Bd6 11. Nf3 Qc7 12. h3 O-O 13. Be3 Bd7 14. Re1 Kh8 15.
Rc1 Rae8 16. a3 Qb8 17. b4 a6 18. Nc3 e5 19. dxe5 Nxe5 20. Nxe5 Bxe5 21. Bb1
Bc6 22. Qd3 Ne4 23. Nxe4 dxe4 24. Qb3 Rd8 25. Rcd1 Bh2+ 26. Kh1 Bf4 27. Bc5
Rfe8 28. Bd4 Qc7 29. a4 Be5 30. Be3 Rxd1 31. Rxd1 Rd8 32. Ba2 Qe7 33. g3 Bd6
34. b5 axb5 35. axb5 Bd7 36. Bb6 Ra8 37. Qd5 Rxa2 38. Qxa2 Bxh3 39. Qa8+ Qf8
40. Qxf8+ Bxf8 41. Rd8 Kg8 42. Bc5 1-0

[Event "FBL 1"]
[Site "?"]
[Date "2017.01.21"]
[Round "3.5"]
[White "Heinatz, Maria"]
[Black "Jelica, Mara"]
[Result "0-1"]
[WhiteElo "1997"]
[BlackElo "2099"]
[PlyCount "50"]
[EventDate "2016.10.22"]
[EventType "team-tourn"]
[EventCountry "GER"]
[WhiteTeam "Karlsruher SF"]
[BlackTeam "Deizisau SF"]
[WhiteTeamCountry "GER"]
[BlackTeamCountry "GER"]

1. e4 c5 2. Nf3 Nc6 3. Bb5 Nd4 4. Bd3 g6 5. O-O Bg7 6. c3 Nxf3+ 7. Qxf3 d6 8.
Bc4 e6 9. d3 Rb8 10. Be3 b5 11. Bb3 Ne7 12. Bg5 O-O 13. Qg3 h6 14. Bf4 e5 15.
Bd2 d5 16. exd5 Nxd5 17. d4 c4 18. Bd1 Re8 19. Na3 Bf5 20. Be3 Bd3 21. Bc2 Bxf1
22. Rxf1 Nxe3 23. fxe3 exd4 24. cxd4 Rxe3 25. Qf4 Re7 0-1

[Event "FBL 1"]
[Site "?"]
[Date "2017.01.21"]
[Round "3.6"]
[White "Lauterbach, Ingrid"]
[Black "Hund, Sarah"]
[Result "0-1"]
[WhiteElo "2110"]
[BlackElo "1961"]
[PlyCount "90"]
[EventDate "2016.10.22"]
[EventType "team-tourn"]
[EventCountry "GER"]
[WhiteTeam "Deizisau SF"]
[BlackTeam "Karlsruher SF"]
[WhiteTeamCountry "GER"]
[BlackTeamCountry "GER"]

1. Nf3 Nf6 2. g3 d5 3. Bg2 c6 4. O-O Bg4 5. d4 e6 6. Nbd2 Nbd7 7. c4 Bd6 8. Re1
O-O 9. e4 dxe4 10. Nxe4 Nxe4 11. Rxe4 Nf6 12. Bg5 Bf5 13. Re2 h6 14. Bd2 Bd3
15. b3 Bxe2 16. Qxe2 Qc7 17. Re1 Rad8 18. Ne5 c5 19. dxc5 Bxe5 20. Bb4 a5 21.
Bxa5 Qxa5 22. Qxe5 Nd7 23. Qa1 Nxc5 24. Qb1 Qd2 25. Bf1 Nd3 26. Re2 Qc1 27.
Qxc1 Nxc1 28. Rc2 Rd1 29. c5 Ra8 30. Kg2 Rxa2 31. Rc3 Re1 32. b4 Rb2 33. b5 Na2
34. Ra3 Rc1 35. Bd3 g6 36. c6 bxc6 37. b6 Nc3 38. Ra8+ Kg7 39. Rb8 Na4 40. b7
Nc5 41. Bf1 Rxb7 42. Rc8 Rbb1 43. Be2 Rb2 44. Bf3 Nd3 45. g4 Rxf2+ 0-1

[Event "FBL 1"]
[Site "?"]
[Date "2017.01.21"]
[Round "3.1"]
[White "Khademalsharieh, Sarasadat"]
[Black "Gunina, Valentina"]
[Result "1/2-1/2"]
[WhiteElo "2452"]
[BlackElo "2524"]
[PlyCount "66"]
[EventDate "2016.10.22"]
[EventType "team-tourn"]
[EventCountry "GER"]
[WhiteTeam "Hamburger SK"]
[BlackTeam "Koenigshofen Bad SC"]
[WhiteTeamCountry "GER"]
[BlackTeamCountry "GER"]

1. d4 Nf6 2. c4 e6 3. Nf3 b6 4. g3 Bb7 5. Bg2 Bb4+ 6. Bd2 Be7 7. Nc3 O-O 8. O-O
c6 9. e4 d5 10. exd5 cxd5 11. Ne5 Nc6 12. Qa4 Qe8 13. cxd5 Nxe5 14. Qxe8 Nf3+
15. Bxf3 Rfxe8 16. Bg5 Nxd5 17. Bxe7 Rxe7 18. Nxd5 Bxd5 19. Bxd5 exd5 20. Rfe1
Kf8 21. Rxe7 Kxe7 22. Rc1 Kd7 23. f3 Rc8 24. Rxc8 Kxc8 25. Kf2 Kd7 26. Ke3 Kd6
27. Kd3 a5 28. Ke3 Ke6 29. Kf4 Kf6 30. h4 Ke6 31. Kg4 Kf6 32. Kf4 Ke6 33. Kg4
Kf6 1/2-1/2